| 000 | 00767nam a22001577a 4500 | ||
|---|---|---|---|
| 005 | 20250903094113.0 | ||
| 008 | 240830b ||||| |||| 00| 0 eng d | ||
| 082 | _aDPer 364.05 P538 2020 v. 1 iss. 1-2 | ||
| 100 |
_aConcepcion-Veluz, Ellaine A. _eauthor. _959466 |
||
| 245 |
_aLived experiences of persons deprived of liberty ( PDLs) in the therapeutic community modality program (TCMP) as implemented in selected jails of Calabarzon / _cEllaine A. Concepcion-Veluz. |
||
| 260 |
_aPhilippines ; _bChapterhouse Publishing Inc. , _c2020. |
||
| 300 |
_aVolume 1, pages 191-203 : _billustration ; _c26 cm. |
||
| 500 | _aPhilippine Criminology Journal, vol. 1, iss. 1, pages 191-203, 2020. | ||
| 700 |
_aConcepcion-Veluz, Ellaine A. _eauthor. _959466 |
||
| 942 |
_2ddc _cPER |
||
| 999 |
_c21071 _d21071 |
||